000 03096cam a2200325 4500500
005 20260208004352.0
041 _afre
042 _adc
100 1 0 _aMolas, Anna
_eauthor
700 1 0 _aBestard, Joan
_eauthor
245 0 0 _aEn Espagne, le don d’ovules entre intérêt, solidarité et précarité
260 _c2017.
500 _a80
520 _aEn regard des conclusions d’une enquête conduite sur le don d’ovules en Espagne il y a une dizaine d’années, l’article montre la façon dont s’articulent aujourd’hui compensation économique et altruisme dans le nouveau contexte de crise économique, particulièrement éprouvant pour les jeunes femmes. Les expériences des enquêtées révèlent un débat qui dépasse la classification du don d’ovules en tant que « don » ou stratégie économique ouvrant à des débats moraux impensables à un autre moment.
520 _aIn Spain, Egg Donation Between Interest, Solidarity and Economic Insecurity In the light of the findings of a survey on egg donation in Spain a decade ago, the article shows how economic compensation and altruism are now articulated in the new context of economic crisis, particularly challenging for young women. The experiences of the informants reveal a debate that goes beyond the classification of egg donation as a “gift” or economic strategy opening up moral debates unthinkable at another time.
520 _aA la luz de las conclusiones de una encuesta realizada sobre la donación de óvulos en España hay cerca de diez años, el artículo muestra cómo hoy se articulan compensación económica y altruismo en el nuevo contexto de la crisis económica particularmente difícil para las mujeres jóvenes. Las experiencias de las informantes indican un debate que va más allá de la clasificación de la donación de óvulos como un « don » o una estrategia económica, abriendo debates morales impensables en otro momento.
520 _aAuf Grundlage der Schlussfolgerungen eine Studie über Eizellenspenden, die in Spanien vor zehn Jahren geführt wurde, zeigt der Artikel die Art und Weise auf, mit der sich wirtschaftliche Kompensierung und Altruismus im neuen Kontext der Wirtschaftskrise, die sich vor allen Dingen auf junge Frauen auswirkt, artikulieren. Die Erfahrungen der Befragten legen eine Debatte offen, die über die Klassifizierung der Eizellenspende als „Spende“ oder wirtschaftliche Strategie hinausgehen und moralische Debatten ermöglichen, die vor einiger Zeit undenkbar gewesen wären.
690 _aAltruisme
690 _aAnonymat de la donation
690 _aDonation des gamètes
690 _aIntérêt économique
690 _aPublicité électronique
690 _aAltruism
690 _aAnonymity of the donation
690 _aEconomic interest
690 _aElectronic advertising
690 _aGametes donation
786 0 _nEthnologie française | 47 | 3 | 2017-07-07 | p. 491-498 | 0046-2616
856 4 1 _uhttps://shs.cairn.info/revue-ethnologie-francaise-2017-3-page-491?lang=fr&redirect-ssocas=7080
999 _c1649538
_d1649538